Japanese Vocabulary: Nature - Statistics

General Stats
  • This quiz has been taken 233 times
  • The average score is 32 of 70
Answer Stats
English Kanji/Kana Answer % Correct
water mizu
92%
sky sora
92%
tree ki
90%
leaf ha
88%
mountain yama
86%
flower hana
84%
fire 火 / 火事 hi / kaji
84%
Sun 日 / 太陽 hi / taiyō
84%
snow yuki
84%
river kawa
82%
cloud kumo
82%
sea umi
82%
rain ame
80%
Moon tsuki
78%
wind kaze
76%
tsunami 津波 tsunami
76%
forest 森 / 森林 mori / shinrin
75%
grass kusa
73%
cherry blossom sakura
69%
stone ishi
65%
pond ike
57%
hot spring 温泉 onsen
57%
ice koori
55%
wave nami
53%
sand suna
51%
typhoon 台風 taifū
51%
earthquake 地震 jishin
49%
lake mizūmi
49%
ground tsuchi
49%
Earth 地球 chikyū
47%
mushroom キノコ kinoko
47%
air 空気 kūki
45%
nature 自然 shizen
45%
valley tani
45%
volcano 火山 kazan
41%
hill 丘 / 岡 oka
41%
thunder kaminari
39%
rock iwa
37%
waterfall taki
37%
grove hayashi
35%
sunflower 向日葵 himawari
35%
pine matsu
33%
space 宇宙 uchū
33%
desert 砂漠 sabaku
31%
branch / twig eda
29%
spring izumi
29%
beach ビーチ bīchi
25%
sunrise 日の出 hinode
25%
cave 洞窟 dōkutsu
24%
wisteria fuji
24%
coast 海岸 kaigan
24%
ocean 海洋 kaiyō
24%
shooting star 流星 ryūsei
24%
tornado 竜巻 tatsumaki
24%
planet 惑星 wakusei
24%
sunset 日の入り hinoiri
22%
oak 柏 / オーク kashiwa / ōku
22%
landscape 景色 keshiki
22%
cliff gake
20%
galaxy 銀河 ginga
20%
moss koke
20%
comet 彗星 suisei
20%
meadow hara
18%
flower bud tsubomi
18%
Milky Way 天の川 amanogawa
12%
hydrangea 紫陽花 ajisai
10%
ginkgo 銀杏 ichō
8%
channel / strait 海峡 kaikyō
8%
riverbank 河原 kawara
8%
canyon 峡谷 kyōkoku
8%
No matching quizzes found
Score Distribution
Percent of People with Each Score
Percentile by Number Answered
Your Score History
You have not taken this quiz